000
00281nam a22001217a 4500
020
_a
813150235X
082
_a
005.1
100
_a
DANIEL T. KAPLAN
245
_a
INTRODUCTION TO SCIENTIFIC COMPUTATION AND PROGRAMMING
260
_a
INDIA
_b
THOMSON
_c
2004
300
_a
546
942
_c
BK
999
_c
23196
_d
23196